[Event "34th Chess Olympiad (women)"]
[Site "Istanbul"]
[Date "2000.10.31"]
[Round "4.19.3"]
[White "Pina, Sulennis"]
[Black "Anhchimeg, Bayanmonh"]
[WhiteElo "2312"]
[BlackElo "2139"]
[WhiteCountry "CUB"]
[BlackCountry "MGL"]
[Result "0-1"]

1. e4 c5 2. Nf3 Nc6 3. d4 cxd4 4. Nxd4 Nf6 5. Nc3 e5 6. Ndb5 d6 7. Bg5 a6 
8. Na3 b5 9. Nd5 Be7 10. Bxf6 Bxf6 11. c3 Bg5 12. g3 Ne7 13. Bg2 O-O 
14. O-O Rb8 15. Nc2 Nxd5 16. exd5 f5 17. Nb4 Qb6 18. Kh1 Bd7 19. f4 Bf6 
20. fxe5 Bxe5 21. Nc6 Rbe8 22. Qd2 Rf6 23. Rae1 Qc7 24. Re2 Ref8 25. Ref2 Kh8 
26. Re1 f4 27. Nxe5 dxe5 28. gxf4 exf4 29. Qd4 f3 30. Bf1 Qd6 31. b3 Rf4 
32. Re4 Rxe4 33. Qxe4 Qf6 34. c4 Bf5 35. Qe3 bxc4 36. bxc4 Qg6 37. c5 Re8 
38. Qf4 Bd3 39. Qg3 Qe4 40. Bxd3 Qxd3 41. Qxf3 Re1+ 42. Kg2 Qg6+ 43. Qg3 Qe4+ 
44. Kh3 h6 45. Rf3 Rd1 46. d6 Rd5 47. Qg4 Qe8 48. Rf5 Rd3+ 49. Kg2 g6 
50. Rf2 Qc6+ 51. Rf3 Rd2+ 52. Kh3 Rd5 53. Qxg6 Qd7+ 54. Kh4 Qa4+ 55. Kh3 Qd7+ 
0-1

[Event "34th Chess Olympiad (women)"]
[Site "Istanbul"]
[Date "2000.10.31"]
[Round "4.20.1"]
[White "Hund, Barbara"]
[Black "Nepeina-Leconte, Maria"]
[WhiteElo "2292"]
[BlackElo "2289"]
[WhiteCountry "SUI"]
[BlackCountry "FRA"]
[Result "1/2-1/2"]

1. e4 e6 2. d4 d5 3. Nc3 Bb4 4. exd5 exd5 5. Bd3 Nc6 6. a3 Ba5 7. Be3 Nf6 
8. Qf3 Qe7 9. Qf4 O-O 10. Ne2 Nd8 11. b4 Bb6 12. Qh4 h6 13. Ng3 Re8 14. O-O c6 
15. Rae1 Ng4 16. Qh5 Nf6 17. Qd1 Qf8 18. Qd2 Bd7 19. Na4 Ne4 20. Bxe4 dxe4 
21. Nc5 Be6 22. Ncxe4 f5 23. Nc5 Bxc5 24. bxc5 Bc4 
1/2-1/2

[Event "34th Chess Olympiad (women)"]
[Site "Istanbul"]
[Date "2000.10.31"]
[Round "4.20.2"]
[White "Te-Lallemand, Rosa"]
[Black "Ramseier, Jana S"]
[WhiteElo "2289"]
[BlackElo "2156"]
[WhiteCountry "FRA"]
[BlackCountry "SUI"]
[Result "1-0"]

1. e4 g6 2. d4 Bg7 3. Nc3 d6 4. Be3 Nf6 5. h3 c6 6. Qd2 b5 7. Bd3 Qa5 
8. Nf3 O-O 9. O-O Nbd7 10. Bh6 e5 11. a4 b4 12. Bxg7 Kxg7 13. Ne2 Rb8 
14. Ng3 h6 15. Nh4 Rh8 16. dxe5 Nxe5 17. f4 Qc5+ 18. Kh1 Nxd3 19. cxd3 Nh5 
20. Nxh5+ Qxh5 21. Qf2 Qc5 22. d4 Qa5 23. f5 g5 24. Qg3 Qc7 25. f6+ Kh7 
26. e5 Rd8 27. Nf3 Rg8 28. exd6 Qa5 29. Ne5 Qd5 30. Rac1 Rb6 31. a5 Ra6 
32. d7 Bb7 33. Qd3+ Kh8 34. Rc5 Qe6 35. Qf3 Rd8 36. Qh5 
1-0

[Event "34th Chess Olympiad (women)"]
[Site "Istanbul"]
[Date "2000.10.31"]
[Round "4.20.3"]
[White "Bohrer Moser, Ruth"]
[Black "Muller, Anne"]
[WhiteElo "2015"]
[BlackElo "2135"]
[WhiteCountry "SUI"]
[BlackCountry "FRA"]
[Result "1/2-1/2"]

1. d4 Nf6 2. c4 e6 3. Nf3 Bb4+ 4. Bd2 Qe7 5. Nc3 O-O 6. Qc2 c5 7. e4 cxd4 
8. Nxd4 d6 9. Bd3 Nc6 10. Nxc6 bxc6 11. O-O Rb8 12. a3 Bc5 13. h3 h6 14. Ne2 e5 
15. b4 Bb6 16. Kh1 d5 17. c5 Bc7 18. exd5 Nxd5 19. Rae1 Be6 20. f4 exf4 
21. Nxf4 Qh4 22. Re4 Bf5 23. Be1 Qg5 24. h4 Qd8 25. Rd4 Bxd3 26. Qxd3 Nxf4 
27. Rfxf4 Bxf4 28. Rxd8 Rbxd8 29. Qf3 Be5 30. Bg3 Bxg3 31. Qxg3 Rd7 32. Qf3 Rd5 
33. Qb3 Rfd8 34. Qa4 Rd4 35. Qxc6 Rxh4+ 36. Kg1 Rhd4 37. b5 Rd1+ 38. Kh2 Rb1 
39. a4 Rb4 40. a5 Rh4+ 41. Kg3 g5 42. Qc7 Rd3+ 43. Kf2 Rd2+ 44. Kf3 Rhd4 
45. c6 R4d3+ 46. Ke4 Rd4+ 47. Kf5 Rd5+ 48. Qe5 Rxe5+ 49. Kxe5 Kf8 50. c7 Rc2 
51. b6 axb6 52. axb6 Ke7 53. b7 Rxc7 54. b8Q Rc5+ 55. Kd4 Rf5 56. Qh2 Rf6 
57. Qe5+ Re6 58. Qg7 Ke8 59. Kd5 Ke7 60. g4 Rg6 61. Qe5+ 
1/2-1/2

[Event "34th Chess Olympiad (women)"]
[Site "Istanbul"]
[Date "2000.10.31"]
[Round "4.21.1"]
[White "Titova-Boric, Elena"]
[Black "Hernandez, Penna Sabina"]
[WhiteElo "2207"]
[BlackElo "2141"]
[WhiteCountry "BIH"]
[BlackCountry "ARG"]
[Result "1-0"]

1. e4 c6 2. d4 d5 3. Nd2 dxe4 4. Nxe4 Bf5 5. Ng3 Bg6 6. N1e2 e6 7. Nf4 Ne7 
8. h4 h6 9. Bc4 Bh7 10. c3 Nd5 11. Qg4 Nxf4 12. Bxf4 Nd7 13. Nh5 Nf6 
14. Nxf6+ Qxf6 15. O-O Bf5 16. Qg3 h5 17. Bg5 Qg6 18. Qc7 f6 19. Qxb7 Rd8 
20. Qxc6+ Kf7 21. Bf4 Qg4 22. Bg3 Be4 23. Qc7+ Be7 24. Qf4 Qg6 25. Rfe1 Bd5 
26. Bxd5 Rxd5 27. c4 Rd7 28. Qe3 f5 29. d5 exd5 30. cxd5 Kg8 31. Qf3 Qf7 
32. Rad1 Rh6 33. Re5 Rf6 34. Bf4 Bd6 35. Re6 Bxf4 36. Rxf6 gxf6 37. Qxf4 Rxd5 
38. Rc1 Kg7 39. a4 a5 40. b4 axb4 41. Qxb4 Qd7 42. Qb3 Kh6 43. Qe3+ Kh7 
44. Qf3 f4 45. Qxf4 Rd1+ 46. Rxd1 Qxd1+ 47. Kh2 Qa1 48. Qf5+ Kh6 49. a5 Qd4 
50. g3 Kg7 51. Kg2 Qd1 52. Qf3 Qd8 53. a6 
1-0

[Event "34th Chess Olympiad (women)"]
[Site "Istanbul"]
[Date "2000.10.31"]
[Round "4.21.2"]
[White "Maggiolo, Elisa"]
[Black "Dengler, Dijana"]
[WhiteElo "2115"]
[BlackElo "2120"]
[WhiteCountry "ARG"]
[BlackCountry "BIH"]
[Result "0-1"]

1. e4 c5 2. c3 d5 3. exd5 Qxd5 4. d4 Nc6 5. Nf3 Bg4 6. Be2 cxd4 7. cxd4 e6 
8. Nc3 Qa5 9. O-O Nf6 10. Be3 Be7 11. a3 O-O 12. Qb3 Rfc8 13. Rad1 Nd5 
14. h3 Nxc3 15. bxc3 Bxf3 16. Bxf3 Qxa3 17. Qxa3 Bxa3 18. c4 Nd8 19. c5 a5 
20. Rb1 Bb4 21. Rfc1 Nc6 22. Kf1 Rd8 23. Rc4 Rd7 24. Ke2 Rad8 25. Bxc6 bxc6 
26. Rb3 f6 27. f4 Kf7 28. Kf3 Rd5 29. Ke4 h6 30. Rb1 g5 31. Rf1 Kg6 32. g3 Re8 
33. Rh1 Kf7 34. Rf1 Kg7 35. Rh1 Kf7 36. Rf1 Rg8 37. Rg1 g4 38. h4 h5 
39. Rf1 Rb8 40. Ra1 Rbd8 41. Rac1 Rb8 42. Ra1 Rb5 43. Bf2 Bd2 44. Rc2 Rb3 
0-1

[Event "34th Chess Olympiad (women)"]
[Site "Istanbul"]
[Date "2000.10.31"]
[Round "4.21.3"]
[White "Hasurdzic, Mirna"]
[Black "Zuriel, Marisa"]
[WhiteElo "2000"]
[BlackElo "2089"]
[WhiteCountry "BIH"]
[BlackCountry "ARG"]
[Result "1/2-1/2"]

1. e4 c5 2. Nf3 d6 3. d4 cxd4 4. Qxd4 Nc6 5. Bb5 Bd7 6. Bxc6 Bxc6 7. Nc3 e6 
8. Bg5 Nf6 9. O-O-O Be7 10. Rhe1 O-O 11. Qd2 Qc7 12. Nd4 Rfd8 13. f3 a6 
14. g4 b5 15. Nxc6 Qxc6 16. Ne2 a5 17. Nd4 Qb7 18. Bxf6 Bxf6 19. g5 Bxd4 
20. Qxd4 Rac8 21. Rd2 Rc4 22. Qd3 Qc7 23. Red1 b4 24. Kb1 a4 25. Qe2 Qc5 
26. h4 a3 27. Qf2 Qc7 28. Qh2 Rc6 29. h5 axb2 30. h6 Ra6 31. Qe5 f6 
32. Qxe6+ Qf7 33. Qxf7+ Kxf7 34. Kxb2 gxh6 35. gxh6 Ke6 36. Rg2 Rda8 
37. Ra1 R6a7 38. f4 f5 39. exf5+ Kxf5 40. Rg5+ Kxf4 41. Rd5 Ra6 42. Rd4+ Ke3 
43. Rxb4 d5 44. Rh4 Rb6+ 45. Kc1 Rg8 46. Rh3+ Ke2 47. Rh2+ Ke3 48. Rh3+ Ke2 
49. Rh2+ Ke3 50. Rh3+ Ke4 
1/2-1/2

[Event "34th Chess Olympiad (women)"]
[Site "Istanbul"]
[Date "2000.10.31"]
[Round "4.22.1"]
[White "Fierro, Martha"]
[Black "Cinak, Nilufer"]
[WhiteElo "2338"]
[BlackElo "2057"]
[WhiteCountry "ECU"]
[BlackCountry "TURA"]
[Result "1-0"]

1. e4 c5 2. Nf3 e6 3. d4 cxd4 4. Nxd4 Nc6 5. Nxc6 bxc6 6. Bd3 Nf6 7. O-O e5 
8. c4 Bc5 9. Nc3 d6 10. Qe1 Rb8 11. b3 O-O 12. Be3 Nh5 13. Bxc5 dxc5 
14. Qe3 Nf4 15. Rfd1 Qa5 16. Na4 Ne6 17. Qd2 Qc7 18. Be2 Rd8 19. Qb2 Rd4 
20. Bg4 Qd6 21. Qa3 Rb4 22. Rxd4 cxd4 23. c5 Qb8 24. Nb6 Rb5 25. Nxc8 Qxc8 
26. Qxa7 g6 27. Bxe6 Qxe6 28. Qa3 f5 29. exf5 gxf5 30. b4 e4 31. Qg3+ Kf7 
32. a3 d3 33. Qf4 Qf6 34. Rd1 Rb7 35. g4 Qg6 36. f3 Re7 37. fxe4 Rxe4 
38. Qxf5+ Qxf5 39. gxf5 Rd4 40. Kf2 Kf6 41. Ke3 Rh4 42. Rxd3 Rh3+ 43. Ke4 Rh4+ 
44. Ke3 Rh3+ 45. Kd4 Rxh2 46. Kc4 Ke5 47. Rd6 h5 48. Rxc6 Rh4+ 49. Kb5 Rf4 
50. Rh6 Rxf5 51. c6 Kf4+ 52. Kb6 Kg5 53. Rxh5+ Kxh5 
1-0

[Event "34th Chess Olympiad (women)"]
[Site "Istanbul"]
[Date "2000.10.31"]
[Round "4.22.2"]
[White "Cavusoglu, Yildiz"]
[Black "Moncayo, Evelyn"]
[WhiteElo "2000"]
[BlackElo "2135"]
[WhiteCountry "TURA"]
[BlackCountry "ECU"]
[Result "1/2-1/2"]

1. d4 d5 2. c4 e6 3. Nc3 Nf6 4. Nf3 a6 5. b3 Bb4 6. Bd2 Ne4 7. Qc2 O-O 
8. e3 Nc6 9. Bd3 Nc3 10. Bc3 Bc3+ 11. Qc3 Re8 12. O-O Qf6 13. Ne5 Ne5 
14. de5 Qe7 15. Rac1 c6 16. Bb1 Bd7 17. c5 f6 18. Qd3 g6 19. Qd4 Rf8 
20. e4 Rae8 21. f4 Qg7 22. b4 Re7 23. Rce1 Ref7 24. ed5 fe5 25. fe5 Rf1+ 
26. Rf1 Rf1+ 27. Kf1 Qf8+ 28. Kg1 ed5 29. Qe3 Be6 30. Bd3 Kg7 31. Qg5 Bd7 
32. Qe3 Qe7 33. Qd4 Be6 34. Qf4 Qd8 35. Qd4 Qe7 36. Qf4 Qd8 37. Qe3 Qh4 
38. a3 Qh6 39. Qh6+ Kh6 40. Kf2 Kg5 41. Ke3 Bf5 42. Be2 h5 43. Bd1 Be4 
44. g3 Kf5 45. Kd4 Ke6 46. Be2 Bc2 47. g4 h4 48. Bf3 g5 49. Be2 
1/2-1/2

[Event "34th Chess Olympiad (women)"]
[Site "Istanbul"]
[Date "2000.10.31"]
[Round "4.22.3"]
[White "Vasquez, Rocio"]
[Black "Yildiz, Betul"]
[WhiteElo "2235"]
[BlackElo "2000"]
[WhiteCountry "ECU"]
[BlackCountry "TURA"]
[Result "1-0"]

1. e4 c5 2. Nf3 d6 3. d4 cxd4 4. Nxd4 Nf6 5. Nc3 a6 6. Bg5 e6 7. f4 Qc7 
8. Qf3 Be7 9. O-O-O Nbd7 10. g4 b5 11. Bxf6 gxf6 12. a3 Qb6 13. Bh3 Nc5 
14. Rhe1 Bb7 15. f5 b4 16. axb4 Qxb4 17. fxe6 fxe6 18. g5 f5 19. Qh5+ Kd8 
20. exf5 Rb8 21. f6 Bxf6 22. Nxe6+ Nxe6 23. gxf6 Be4 24. Rxe4 Qxb2+ 25. Kd2 Nc5 
26. Qxc5 dxc5 27. Ke2+ Kc7 28. Re7+ Kb6 29. Na4+ Ka5 30. Nxb2 Rxb2 31. Bf5 Rbb8 
32. Ra1+ 
1-0

[Event "34th Chess Olympiad (women)"]
[Site "Istanbul"]
[Date "2000.10.31"]
[Round "4.23.1"]
[White "Mendoza, Beverly"]
[Black "Babaeva, Fanara"]
[WhiteElo "2098"]
[BlackElo "2257"]
[WhiteCountry "PHI"]
[BlackCountry "AZE"]
[Result "1-0"]

1. e4 e5 2. Nf3 Nc6 3. Bb5 a6 4. Ba4 Nf6 5. Qe2 b5 6. Bb3 Be7 7. c3 O-O 
8. O-O d6 9. Rd1 Na5 10. Bc2 c5 11. d3 Ne8 12. d4 Qc7 13. dxc5 dxc5 
14. Nbd2 Bb7 15. Nf1 Nc4 16. b3 Nb6 17. c4 f6 18. Bb2 Nd6 19. N3d2 Rfd8 
20. Ne3 g6 21. h4 Bc8 22. h5 g5 23. g3 Kh8 24. g4 Kg8 25. Nd5 Nxd5 26. exd5 Qd7 
27. f3 Re8 28. Ne4 Nxe4 29. Qxe4 Bd6 30. Kg2 Re7 31. Qe2 Qb7 32. Rab1 Bd7 
33. Be4 b4 34. a3 a5 35. Ra1 Bc8 36. axb4 axb4 37. Qd3 Kh8 38. Rxa8 Qxa8 
39. Ra1 Ra7 40. Rb1 Qb7 41. Bf5 Bxf5 42. Qxf5 Qe7 43. Ra1 Rxa1 44. Bxa1 Kg7 
45. Bb2 Kg8 46. Kf2 Kf8 47. Ke3 Ke8 48. Ke4 Kd8 49. Qe6 Qxe6 50. dxe6 Kc7 
51. Kd5 Be7 52. Bc1 Kb6 53. Be3 h6 54. Bg1 Bf8 55. e7 Bxe7 56. Ke6 Bd8 
57. Kd7 Bc7 58. Bxc5+ Kxc5 59. Kxc7 Kd4 60. Kb6 f5 61. gxf5 g4 62. f6 
1-0

[Event "34th Chess Olympiad (women)"]
[Site "Istanbul"]
[Date "2000.10.31"]
[Round "4.23.2"]
[White "Shukurova, Meihriban"]
[Black "Bernardo, Leah"]
[WhiteElo "2255"]
[BlackElo "2000"]
[WhiteCountry "AZE"]
[BlackCountry "PHI"]
[Result "1-0"]

1. e4 e6 2. d4 d5 3. Nc3 Bb4 4. e5 c5 5. a3 Bxc3+ 6. bxc3 Qa5 7. Bd2 Qa4 
8. Be3 Nc6 9. Nf3 c4 10. Nh4 Nge7 11. Qg4 Ng6 12. Nxg6 hxg6 13. Kd2 Ne7 
14. Bg5 Nf5 15. Be2 Bd7 16. h3 Qa5 17. Rh2 Rf8 18.  Bc6 19. Qf4 Rg8 
20. Bh5 gxh5 21. Qg5 hxg4 22.  Rf8 23.  Kd7 24. Qxg7 
1-0

[Event "34th Chess Olympiad (women)"]
[Site "Istanbul"]
[Date "2000.10.31"]
[Round "4.23.3"]
[White "Espallardo, Christine"]
[Black "Mammadyarova, Zaynab"]
[WhiteElo "2000"]
[BlackElo "2173"]
[WhiteCountry "PHI"]
[BlackCountry "AZE"]
[Result "0-1"]

1. e4 e5 2. Nf3 Nc6 3. Bc4 Bc5 4. O-O Nf6 5. d3 d6 6. h3 h6 7. c3 O-O 8. b4 Bb6 
9. Bb2 Be6 10. Nfd2 a6 11. Qc2 Nh5 12. d4 Bd7 13. dxe5 dxe5 14. Bb3 Qf6 
15. Kh2 Nf4 16. Nc4 Qg6 17. Ne3 Qh5 18. Rd1 Rad8 19. g3 Bxe3 20. fxe3 Ne7 
21. Bc1 Bg4 22. Rxd8 Nf5 23. exf5 Bf3 24. g4 Qh4 25. c4 Qg3+ 26. Kh1 f6+ 
0-1

[Event "34th Chess Olympiad (women)"]
[Site "Istanbul"]
[Date "2000.10.31"]
[Round "4.24.1"]
[White "Grosar, Kiti"]
[Black "Berntsen, Sheila Barth"]
[WhiteElo "2223"]
[BlackElo "2094"]
[WhiteCountry "SLO"]
[BlackCountry "NOR"]
[Result "0-1"]

1. e4 c5 2. Nf3 Nc6 3. d4 cxd4 4. Nxd4 Nf6 5. Nc3 e5 6. Ndb5 d6 7. Nd5 Nxd5 
8. exd5 Nb8 9. c3 Be7 10. Be3 a6 11. Na3 Nd7 12. Be2 f5 13. f4 O-O 14.  exf4 
15. Bxf4 Bg5 16. O-O Bxf4 17. Rxf4 Ne5 18. Qd4 Bd7 19. c4 Rc8 20. b4 a5 
21. b5 b6 22. Rd1 Be8 23. Rdf1 Bd7 24. Nb1 Qc7 25. Nd2 Qc5 26. Qxc5 Rxc5 
27. h4 Re8 28. h5 Rcc8 29. Kf2 g5 30. hxg6 hxg6 31. Rh4 Kg7 32. Rfh1 Rh8 
33. Rxh8 Rxh8 34. Rxh8 Kxh8 35. Nb3 Kg7 36. Nd4 Kf6 37. Nc6 g5 38. Ke3 Be8 
39. Kd4 Ng6 40. Bd1 Bd7 41. a3 f4 42. Be2 Nh4 43. Bf3 g4 44. Be4 g3 
0-1

[Event "34th Chess Olympiad (women)"]
[Site "Istanbul"]
[Date "2000.10.31"]
[Round "4.24.2"]
[White "Johnsen, Sylvia"]
[Black "Mihevc Mohr, Narcisa"]
[WhiteElo "2049"]
[BlackElo "2170"]
[WhiteCountry "NOR"]
[BlackCountry "SLO"]
[Result "1-0"]

1. e4 c5 2. c3 Nf6 3. e5 Nd5 4. Nf3 Nc6 5. d4 cxd4 6. Bc4 Nb6 7. Bb3 d5 
8. exd6 Qxd6 9. O-O Be6 10. Na3 a6 11. Bxe6 Qxe6 12. Nxd4 Nxd4 13. Qxd4 Rd8 
14. Qe3 Qxe3 15. Bxe3 Nd5 16. Bd4 e6 17. Nc4 f6 18. Rad1 Be7 19. Na5 b5 
20. Rfe1 Kf7 21. Nc6 Rd7 22. Nxe7 Kxe7 23. Re4 Kf7 24. f3 Rhd8 25. Bc5 e5 
26. g3 Nc7 27. Rxd7+ Rxd7 28. Kf2 Rd5 29. Bb6 Ne6 30. Ke2 g5 31. Re3 Rd6 
32. Ba5 Nc5 33. Bb4 Rd5 34. b3 Nb7 35. Rd3 Rxd3 36. Kxd3 a5 37. Ba3 Ke6 
38. g4 f5 39. h3 Nd8 40. Bf8 Kf6 41. Bc5 h5 42. Bb6 Ne6 43. Bxa5 Nf4+ 
44. Ke3 h4 45. Bd8+ Kg6 46. a4 Ne6 47. Bb6 Nf4 48. a5 Nxh3 49. a6 Nf4 
50. Kf2 fxg4 51. fxg4 h3 52. Kg3 
1-0

[Event "34th Chess Olympiad (women)"]
[Site "Istanbul"]
[Date "2000.10.31"]
[Round "4.25.1"]
[White "Tamin, Upi"]
[Black "Rantanen, Tanja"]
[WhiteElo "2240"]
[BlackElo "2120"]
[WhiteCountry "INA"]
[BlackCountry "FIN"]
[Result "1/2-1/2"]

1. e4 e5 2. Nf3 Nf6 3. Nxe5 d6 4. Nf3 Nxe4 5. d4 d5 6. Bd3 Bd6 7. O-O O-O 
8. c4 Nf6 9. Bg5 dxc4 10. Bxc4 h6 11. Bh4 Bg4 12. Nbd2 Nc6 13. h3 Bh5 
14. Qc2 Kh8 15. a3 g5 16. Bg3 Bxg3 17. fxg3 Nxd4 18. Qc3 c5 19. Rae1 Nd5 
20. Bxd5 Qxd5 21. g4 Bg6 22. Kh1 
1/2-1/2

[Event "34th Chess Olympiad (women)"]
[Site "Istanbul"]
[Date "2000.10.31"]
[Round "4.25.2"]
[White "Puuska, Heini"]
[Black "Zakiah, Al"]
[WhiteElo "2023"]
[BlackElo "2000"]
[WhiteCountry "FIN"]
[BlackCountry "INA"]
[Result "1-0"]

1. d4 d5 2. Nf3 e6 3. Bf4 Bd6 4. Bg5 Ne7 5. e3 c5 6. c3 Qb6 7. Qc2 h6 
8. Bh4 Nf5 9. Bg3 Nd7 10. Nbd2 Nf6 11. Bxd6 Nxd6 12. Ne5 Bd7 13. Bd3 cxd4 
14. exd4 Bb5 15. O-O O-O 16. a4 Bxd3 17. Qxd3 Rac8 18. Rfb1 Qc7 19. Ra3 Rfd8 
20. Re1 Nc4 21. Ndxc4 dxc4 22. Qf3 Qb6 23. Qe2 Qc7 24. a5 Nd7 25. Ng4 b5 
26. axb6 axb6 27. Rea1 b5 28. h3 Qc6 29. Ra6 Qd5 30. Ne3 Qb7 31. Ra7 Qc6 
32. Qh5 f5 33. Qg6 e5 34. Qxf5 Qf6 35. Rxd7 Qxf5 36. Rxd8+ 
1-0

[Event "34th Chess Olympiad (women)"]
[Site "Istanbul"]
[Date "2000.10.31"]
[Round "4.25.3"]
[White "Riayaningrum, Yeni"]
[Black "Ristoja, Aulikki"]
[WhiteElo "2000"]
[BlackElo "2000"]
[WhiteCountry "INA"]
[BlackCountry "FIN"]
[Result "1-0"]

1. e4 d5 2. exd5 Qxd5 3. Nc3 Qa5 4. Bc4 Nf6 5. d3 Bg4 6. f3 Bh5 7. Qe2 Nbd7 
8. Bd2 c6 9. g4 Bg6 10. f4 h5 11. f5 Bh7 12. Nb5 Qb6 13. Nd6+ Kd8 14. Nxf7+ Kc8 
15. Nxh8 Nxg4 16. Ng6 Qxb2 17. Rc1 Bxg6 18. fxg6 Qf6 19. Nf3 e5 20. h3 Nh6 
21. Rg1 Nf5 22. Kd1 Bc5 23. Rg5 Kc7 24. c3 Rd8 25. Kc2 b5 26. Bb3 Bb6 
27. Rf1 Kb7 28. Nxe5 Nxe5 29. Rfxf5 Qd6 30. Rxe5 Bc7 31. Re6 Qd7 32. Qe4 Kc8 
33. Rxc6 Qxh3 
1-0

[Event "34th Chess Olympiad (women)"]
[Site "Istanbul"]
[Date "2000.10.31"]
[Round "4.26.1"]
[White "Koskoska, Gabriela"]
[Black "Charest, Johanne"]
[WhiteElo "2219"]
[BlackElo "2136"]
[WhiteCountry "FRM"]
[BlackCountry "CAN"]
[Result "1/2-1/2"]

1. e4 e5 2. Nf3 Nc6 3. d4 exd4 4. Nxd4 Bc5 5. Be3 Qf6 6. c3 b6 7. Be2 Bb7 
8. O-O O-O-O 9. f4 Qg6 10. Nd2 Nxd4 11. cxd4 Bxe4 12. Bf3 Bc2 13. Qe2 Bd3 
14. Qd1 Bc2 15. Qe2 Bd3 16. Qd1 Bc2 17. Qe2 
1/2-1/2

[Event "34th Chess Olympiad (women)"]
[Site "Istanbul"]
[Date "2000.10.31"]
[Round "4.26.2"]
[White "Belc, Daniela"]
[Black "Kierzek, Mira"]
[WhiteElo "2073"]
[BlackElo "2028"]
[WhiteCountry "CAN"]
[BlackCountry "FRM"]
[Result "1/2-1/2"]

1. d4 e6 2. c4 b6 3. Nf3 Bb7 4. a3 f5 5. d5 Bd6 6. Nc3 Nf6 7. g3 O-O 8. Bg2 a5 
9. O-O Na6 10. b3 Nc5 11. Bb2 e5 12. Nb5 Qe7 13. Qc2 g6 14. Rac1 Nce4 
15. Nd2 Ng5 16. Rfd1 Rac8 17. Qc3 Ba8 18. Nxd6 Qxd6 19. Qxe5 Qxe5 20. Bxe5 d6 
21. Bb2 Rce8 22. Nf3 Nxf3+ 23. exf3 Kf7 24. Re1 Nd7 25. Re3 Nc5 26. Rec3 Bb7 
27.  Re7 28.  Ree8 29. b4 axb4 30. axb4 Na6 31. Rb3 Nb8 32. Rd3 Nd7 33. Rd4 Ne5 
34. Ke2 Ra8 35. Ke2 Ra2 36. Ke1 Nd3 37. b5 Nb4 38. Kd2 Bxd5 39.  Be6 40.  Nd5 
41. Bf3 Ne7 42. Kc3 Bd5 43. Be2 c5 44. bxc6 Nxc6+ 45. Kc3 Na7 46. Kb4 Nc6+ 
47. Kc3 Na5 48. Kb4 Nb3 49.  Nc5 50. h5 hxg6 51.  Ne4 52.  Nf6 53.  Nd7 54. Kc3 
1/2-1/2

[Event "34th Chess Olympiad (women)"]
[Site "Istanbul"]
[Date "2000.10.31"]
[Round "4.26.3"]
[White "Janevska, Aleksandra"]
[Black "Chu, Stefanie"]
[WhiteElo "2020"]
[BlackElo "2020"]
[WhiteCountry "FRM"]
[BlackCountry "CAN"]
[Result "1-0"]

1. d4 Nf6 2. c4 g6 3. Nc3 Bg7 4. e4 d6 5. Be2 O-O 6. Nf3 e5 7. d5 a5 8. h4 Na6 
9. Nd2 Bd7 10. h5 c6 11. g4 cxd5 12. cxd5 Nc5 13. f3 a4 14. Nc4 Ne8 15. Be3 Rc8 
16. Na3 Nc7 17. Qd2 Rb8 18. Nc4 Be8 19. Na5 b5 20. Nc6 Bxc6 21. dxc6 Rb6 
22. Rd1 Rxc6 23. Bxb5 Nxb5 24. Nxb5 Qb8 25. Nc3 Qb4 26. g5 Qb7 27. h6 Bh8 
28. Rh2 a3 29. Nd5 Ra8 30. bxa3 Rxa3 31. Qb2 Qa7 32. Ne7+ Qxe7 33. Qxa3 Ra6 
34. Qb4 Nd7 35. Rc2 f5 36. Qc4+ 
1-0

[Event "34th Chess Olympiad (women)"]
[Site "Istanbul"]
[Date "2000.10.31"]
[Round "4.27.1"]
[White "Leite, Catarina"]
[Black "Evans-Quek, Deborah"]
[WhiteElo "2089"]
[BlackElo "2150"]
[WhiteCountry "POR"]
[BlackCountry "WLS"]
[Result "1-0"]

1. e4 c5 2. c3 d5 3. exd5 Qxd5 4. d4 Nf6 5. Nf3 Bg4 6. Be2 e6 7. O-O Nc6 
8. h3 Bh5 9. Be3 cxd4 10. cxd4 Be7 11. Nc3 Qd6 12. a3 O-O 13. Qb3 Rad8 
14. Rfd1 Rd7 15. Qa4 Rfd8 16. b4 b6 17. Rac1 Rc8 18. g4 Bg6 19. Ne5 Rcd8 
20. Ba6 Nxe5 21. dxe5 Qxe5 22. Bc8 Rxc8 23. Nd5 Rxc1 24. Nxe7+ Kf8 
25. Nxg6+ hxg6 26. Rxc1 
1-0

[Event "34th Chess Olympiad (women)"]
[Site "Istanbul"]
[Date "2000.10.31"]
[Round "4.27.2"]
[White "Powell, Annie"]
[Black "Carvalho, Alda"]
[WhiteElo "2000"]
[BlackElo "2063"]
[WhiteCountry "WLS"]
[BlackCountry "POR"]
[Result "1/2-1/2"]

1. e4 d5 2. exd5 Nf6 3. Nf3 Qxd5 4. Nc3 Qa5 5. d4 Bg4 6. h3 Bh5 7. g4 Bg6 
8. Ne5 e6 9. h4 Nbd7 10. Nc4 Qb4 11. a3 Qe7 12. h5 Be4 13. Nxe4 Nxe4 14. Qf3 f5 
15. Bd3 O-O-O 16. Bxe4 fxe4 17. Qxe4 Nf6 18. Qf4 Qd7 19. Ne5 Qxd4 20. Qxd4 Rxd4 
21. f3 Bd6 22. Nf7 Rf8 23. Nxd6+ cxd6 24. Be3 Rc4 25. c3 Nd5 26. Ke2 Nf4+ 
27. Bxf4 Rcxf4 28. Rhf1 Kd7 29. Rf2 
1/2-1/2

[Event "34th Chess Olympiad (women)"]
[Site "Istanbul"]
[Date "2000.10.31"]
[Round "4.27.3"]
[White "Henriques, Sofia"]
[Black "Wilson, Julie"]
[WhiteElo "2032"]
[BlackElo "2000"]
[WhiteCountry "POR"]
[BlackCountry "WLS"]
[Result "0-1"]

1. e4 e6 2. d4 d5 3. Nc3 Nf6 4. e5 Nfd7 5. f4 c5 6. Nf3 Nc6 7. Be3 cxd4 
8. Nxd4 Bc5 9. Qd2 a6 10. O-O-O O-O 11. h4 Bxd4 12. Bxd4 b5 13. h5 b4 
14. Na4 Nxd4 15. Qxd4 a5 16. Bd3 Ba6 17. Kb1 Qc7 18. Rh4 Bxd3 19. Rxd3 Rfc8 
20. Qf2 Ra6 21. g4 Rc6 22. Rh2 f6 23. exf6 Nxf6 24. Rg2 Ne4 25. Qe2 Qxf4 
26. Qd1 Nf2 27. Rf3 Nxd1 28. Rxf4 Ne3 29. Re2 Nxc2 30. Nc3 Na3+ 31. bxa3 bxc3 
32. Ra4 Rb8+ 33. Kc1 
0-1

[Event "34th Chess Olympiad (women)"]
[Site "Istanbul"]
[Date "2000.10.31"]
[Round "4.28.1"]
[White "Rutherford, Elaine"]
[Black "Hamid, Rani"]
[WhiteElo "2050"]
[BlackElo "2106"]
[WhiteCountry "SCO"]
[BlackCountry "BAN"]
[Result "1-0"]

1. e4 c5 2. Nc3 Nc6 3. f4 d6 4. Nf3 g6 5. Bc4 Bg7 6. O-O e6 7. a3 Nge7 
8. d3 O-O 9. Qe1 d5 10. Ba2 Nd4 11. Nxd4 cxd4 12. Ne2 dxe4 13. dxe4 d3 
14. cxd3 Qxd3 15. Ng3 b6 16. f5 exf5 17. Bg5 Qd4+ 18. Kh1 Qe5 19. Qb4 Nc6 
20. Qc4 Na5 21. Qd5 Be6 22. Qxe5 Bxe5 23. exf5 gxf5 24. Nxf5 Bxb2 25. Rab1 Bc3 
26. Rbc1 Bb2 27. Rc2 Bxf5 28. Rxf5 Rae8 29. Rf1 Bxa3 30. Bh6 Bc5 31. Rc3 Kh8 
32. Bxf8 Rxf8 33. Rxf7 Rxf7 34. Bxf7 Nc6 35. Rg3 Ne7 36. Bc4 Ng6 37. Ba6 Kg7 
38. Rd3 Ne5 39. Rd8 Kf6 40. Rh8 Kg7 41. Ra8 Nc6 42. Bb5 Nd4 43. Rxa7+ Kf6 
44. Bd3 h6 45. Rh7 Bf8 46. Rd7 Bc5 47. Rd8 Ne6 48. Rd7 Ke5 49. g3 Bd6 
50. Rh7 Bf8 51. Rf7 Bc5 52. Rf5+ Kd4 53. Bf1 Be7 54. h4 Ke4 55. Rf7 Bd8 
56. Rd7 Ke5 57. Rh7 Nd4 58. Rxh6 Nf5 59. Rh5 Kf6 60. Kg2 Kg6 61. Be2 Bf6 
62. Kh3 Nd4 63. Bd1 b5 64. Rd5 b4 65. h5+ Kf7 66. Rd7+ Ke6 67. Rb7 Nc6 
68. Rb6 Kd7 69. Ba4 
1-0

[Event "34th Chess Olympiad (women)"]
[Site "Istanbul"]
[Date "2000.10.31"]
[Round "4.28.2"]
[White "Sultana, Zakia"]
[Black "Wilman, Carey"]
[WhiteElo "2044"]
[BlackElo "2066"]
[WhiteCountry "BAN"]
[BlackCountry "SCO"]
[Result "0-1"]

1. d4 Nf6 2. c4 c5 3. d5 b5 4. cxb5 a6 5. Nc3 axb5 6. Nxb5 Qa5+ 7. Nc3 d6 
8. g3 g6 9. Bg2 Bg7 10. e4 Nbd7 11. Ne2 O-O 12. O-O Ba6 13. Re1 Ne5 
14. Nf4 Rfb8 15. h4 h6 16. Qd2 Nc4 17. Qc2 Nd7 18. Nfe2 Nxb2 19. Bxb2 Bxe2 
20. Rxe2 Rxb2 21. Qxb2 Bxc3 22. Qc1 Bxa1 23. Qxa1 Rb8 24. Qc1 Kg7 25. Qc2 Qb4 
26. Bf1 Ne5 27. Kg2 Nc4 28. Qd3 Nb2 29. Qb1 c4 30. Re3 c3 31. Qc2 Na4 
32. Re1 Qa3 33. Bc4 Rb2 34. Qd3 Rd2 35. Qe3 Qb2 36. e5 Nb6 37. Bb3 Nxd5 
38. Bxd5 Rxd5 39. exd6 exd6 40. Rc1 c2 
0-1

[Event "34th Chess Olympiad (women)"]
[Site "Istanbul"]
[Date "2000.10.31"]
[Round "4.28.3"]
[White "Lang, Heather"]
[Black "Khan, Nazrana"]
[WhiteElo "2064"]
[BlackElo "2000"]
[WhiteCountry "SCO"]
[BlackCountry "BAN"]
[Result "0-1"]

1. e4 c5 2. Nc3 Nc6 3. g3 d6 4. Bg2 Nf6 5. d3 Bg4 6. f3 Bd7 7. f4 Qc8 8. h3 Rb8 
9. g4 b5 10. Nf3 e6 11. O-O Be7 12. Be3 b4 13. Ne2 e5 14. f5 h6 15. Ng3 Nd4 
16. Nh2 Nh7 17. Nh5 O-O 18. Qd2 Bg5 19. Bxg5 Nxg5 20. c3 Nc6 21. h4 Nh7 
22. f6 bxc3 23. bxc3 g5 24. hxg5 Nxg5 25. Nf3 Nxf3+ 26. Rxf3 Kh7 27. Ng7 Kg6 
28. Rg3 Rh8 29. Rf1 Rb7 30. Bf3 Kxf6 31. Nf5 Bxf5 32. exf5 Ke7 33. g5 hxg5 
34. Qxg5+ Kd7 35. Bd5 Qf8 36. f6 Rb8 37. Qf5+ Kc7 38. Kf2 Qh6 39. Bxf7 Qd2+ 
40. Kf3 e4+ 41. Kxe4 Qxc3 42. Rg7 Qd4+ 43. Kf3 Ne5+ 44. Kg3 Qh4+ 45. Kg2 Qh2# 
0-1